000 00673nam a2200241Ia 4500
008 160803s9999 xx 000 0 und d
020 _a9780439798808
100 _aZiefert, Harriet
245 _aYou can't see your bones with binoculars : 
245 _ba guide to your 206 bones /
245 _cHarriet Ziefert ; pictures by Amanda Haley.
260 _aNew York :
260 _bScholastic Inc.
260 _c2003
300 _a28 unnumbered pages :
300 _bcolor illustrations ;
300 _c27 cm
650 _aBones --
650 _aHuman skeleton --
650 _xJuvenile literature.
650 _xJuvenile literature.
700 _a920
999 _c298855
_d298855